000 01092nam a2200205 u 4500
001 000259728
003 AM-YeHGA
005 20250618071735.0
008 030909s1961 ai r 000 0 arm d
040 _aAM-YeHGA
090 _aՈՒ-89
245 0 0 _aՈւրախ ժամանց :
_b(Մասսայական խաղեր, ատրակցիոններ) /
_cԿազմ. և թարգմ.՝ Ա. Իսկանդարյան ; ՀՍՍՌ կուլտ. մին. կուլտ.-լուս. հիմնարկ. գործ. վարչ. ժող. ստեղծ. ռեսպ. տուն.
260 _aԵրևան :
_bՀայպետհրատ,
_c1961.
300 _a135 էջ :
_bնկ. ;
_c20 սմ.
440 0 _aԳեղարվեստական ինքնագործունեության գրադարան
_v13
650 1 4 _aՍպորտ
_95297
700 1 _aԻսկանդարյան, Ա.
_eկազմ.
_4com
710 2 _aՀայկական ՍՍՌ կուլտուրայի մինիստրության.
_bԿուլտ-լուս. հիմնարկների գործերի վարչության ժող. ստեղծագործության ռեսպուբլիկական տուն
090 _c95105
999 _c93805
_d93805